=LDR 00000nam 2200000 4500 =001 INLIS000000000021276 =005 20200721105444 =035 ##$$a 0010-061300000021276 =008 200721################g##########0#ind## =041 ##$$a Ind =082 ##$$a 2x6.4 =090 ##$$a 2x6.4, Bas w =100 ##$$a Basyir, H.Y. Yahya =245 1#$$a Warisan cinta wanita : $b Risalah wanita-wanita mulia sepanjang masa /$c Yahya Basyir H.Y =260 ##$$a Yogyakarta :$b Diva Press,$c 2004 =300 ##$$a 215 hlm, ; $c 16 x 11 cm. =650 #4$$a Kedudukan wanita =850 ##$$a NBPNMAT =020 ##$$a 979-9636-90-9 =084 ##$$a 2x6.4 BAS w =990 ##$$a 10406332 =990 ##$$a 10406335